| 000 | 00834nam a2200217Ia 4500 | ||
|---|---|---|---|
| 003 | GCL | ||
| 008 | 140319s9999 xx 000 0 ara d | ||
| 040 |
_aGCL / _cGCL |
||
| 082 | 0 | 4 |
_aق _b330.121016 _bم ب |
| 100 | 1 | _aمركز معلومات المصرف | |
| 245 | 1 | 0 |
_aببليوجرافيا الاقتصاد الاسلامى / _cمركز معلومات المصرف |
| 700 | 1 | _aاحمد حسن البشارى | |
| 700 | 1 | _aعائشة محمود جبران (اعداد) | |
| 250 | _aالاولى | ||
| 260 |
_aالقاهرة : _bالمصرف الاسلامى الدولى للاستثمار والتنمي ، _c1987 |
||
| 300 |
_a142 ص ؛ _c24سم |
||
| 650 | 0 | 4 | _aالاقتصاد الاسلامى |
| 650 | 0 | 4 | _aالببليوجرافيات الموضوعية |
| 650 | 0 | 4 | _aالببليوجرافيا |
| 942 |
_2ddc _cREF |
||
| 999 |
_c59468 _d59468 |
||